| 000 | 00429cam a22001337a 4500 | ||
|---|---|---|---|
| 008 | 180718b1986 xxu||||| |||| 00| 0 eng d | ||
| 082 | _aR11x5441 H619 | ||
| 100 | _aHirway, Indira | ||
| 245 |
_aWage employment programmes in rural development: a study of NREP in Gujarat _cby Indira Hirway |
||
| 260 |
_aNew Delhi _bOxford & IBH _c1986 |
||
| 300 | _a112p. | ||
| 650 | _aRural development - Gujarat | ||
| 650 | _aEmployment - Gujarat | ||
| 999 |
_c346319 _d346319 |
||